Biggest Cities by Decade (1500-1590) - Statistics

General Stats
  • This quiz has been taken 47 times
  • The average score is 42 of 70
Answer Stats
Year Rank Population Answer % Correct
1500 1. 670,000 Beijing
92%
1510 1. 670,000 Beijing
92%
1520 1. 670,000 Beijing
92%
1530 1. 680,000 Beijing
92%
1540 1. 680,000 Beijing
92%
1550 1. 690,000 Beijing
92%
1560 1. 690,000 Beijing
92%
1570 1. 700,000 Beijing
92%
1580 1. 700,000 Beijing
92%
1590 1. 700,000 Beijing
92%
7. 200,000 Paris
85%
6. 200,000 Paris
85%
6. 210,000 Paris
85%
6. 210,000 Paris
85%
7. 220,000 Paris
85%
7. 200,000 Constantinople
82%
4. 260,000 Constantinople
82%
4. 330,000 Constantinople
82%
3. 420,000 Constantinople
82%
2. 540,000 Constantinople
82%
2. 660,000 Constantinople
82%
2. 660,000 Constantinople
82%
2. 670,000 Constantinople
82%
2. 680,000 Constantinople
82%
2. 690,000 Constantinople
82%
7. 200,000 Naples
77%
7. 200,000 Naples
77%
3. 400,000 Cairo
72%
3. 400,000 Cairo
72%
3. 390,000 Cairo
72%
4. 380,000 Cairo
72%
4. 370,000 Cairo
72%
4. 360,000 Cairo
72%
4. 320,000 Cairo
72%
4. 290,000 Cairo
72%
6. 260,000 Cairo
72%
7. 250,000 Kyoto
59%
6. 300,000 Kyoto
59%
4. 250,000 Hangzhou
51%
5. 250,000 Hangzhou
51%
5. 250,000 Hangzhou
51%
5. 250,000 Hangzhou
51%
5. 250,000 Hangzhou
51%
5. 260,000 Hangzhou
51%
5. 260,000 Hangzhou
51%
5. 260,000 Hangzhou
51%
5. 260,000 Hangzhou
51%
7. 260,000 Hangzhou
51%
5. 300,000 Agra
33%
5. 250,000 Tabriz
33%
6. 230,000 Tabriz
33%
6. 210,000 Tabriz
33%
2. 500,000 Vijayanagara
31%
2. 500,000 Vijayanagara
31%
2. 500,000 Vijayanagara
31%
2. 500,000 Vijayanagara
31%
3. 500,000 Vijayanagara
31%
3. 500,000 Vijayanagara
31%
3. 500,000 Vijayanagara
31%
3. 460,000 Vijayanagara
31%
3. 390,000 Vijayanagara
31%
4. 310,000 Vijayanagara
31%
6. 260,000 Lahore
26%
4. 330,000 Lahore
26%
3. 400,000 Lahore
26%
6. 200,000 Gauda
15%
7. 200,000 Gauda
15%
7. 200,000 Gauda
15%
6. 200,000 Gauda
15%
7. 200,000 Gauda
15%
No matching quizzes found
Score Distribution
Percent of People with Each Score
Percentile by Number Answered
Your Score History
You have not taken this quiz